| 000 | 00924cam a22003134a 4500 | ||
|---|---|---|---|
| 001 | 13081646 | ||
| 003 | OSt | ||
| 005 | 20240126123528.0 | ||
| 008 | 030204s2003 paua 001 0 eng | ||
| 010 | _a 2003101728 | ||
| 020 | _a1560535741 | ||
| 035 | _a(DLC) 2003101728 | ||
| 040 |
_aDLC _cDLC _dDLC |
||
| 042 | _apcc | ||
| 043 | _an-us--- | ||
| 050 | 0 | 0 |
_aQR46 _b.B735 2003 |
| 082 | 0 | 0 | _aQW4 B782p 2003 |
| 100 | 1 |
_aBrochert, Adam, _99070 |
|
| 245 | 1 | 0 | _aMicrobiology |
| 260 |
_aPhiladelphia; _bHanley & Belfus, _c2003. |
||
| 300 |
_a114 p. : _bill. ; _c23 cm. |
||
| 440 | 0 |
_aPlatinum vignettes _99071 |
|
| 500 | _aIncludes index. | ||
| 650 | 0 |
_aMedical microbiology _99072 |
|
| 650 | 0 |
_aPhysicians _99073 |
|
| 906 |
_a7 _bcbc _corignew _d2 _eepcn _f20 _gy-gencatlg |
||
| 942 |
_2ddc _cO_SHELF |
||
| 999 |
_c4208 _d4208 |
||